000 00669nam a22002297a 4500
005 20170124110206.0
010 _aA-901021
020 _c70.00
035 _aA-901021
037 _bCen Lib/Ret
040 _aDPL
_bEN
082 _a000
_bLAL
100 _aLal
_974169
245 _aUpkar's navodaya school entrance examination /
_cby Lal [and] Jain
260 _aAgra
_bUpkar Prakashan
_c1999
270 _a2/11A, Swadeshi Bima Nagar
_bAgra
_e282002
300 _aVarious pagings.
_c24cm(Hb)
650 _aEntrance examinations
_920654
650 _aSchools--Entrance examinations
_937379
700 _aJain
_9474
942 _2ddc
_cEN
_h000
_mLAL
999 _c133260
_d133260